header

Django 1.2 e-commerce (Record no. 245144)

MARC details
000 -LEADER
fixed length control field 01275nam a2200313 a 4500
100 1# - MAIN ENTRY--AUTHOR NAME
Personal name Legg, Jesse.
245 10 - TITLE STATEMENT
Title Django 1.2 e-commerce
260 ## - PUBLICATION, DISTRIBUTION, ETC. (IMPRINT)
Place of publication Birmingham, U.K. :
Name of publisher Packt Open Source,
Year of publication 2010.
300 ## - PHYSICAL DESCRIPTION
Number of Pages iv, 229 p.
500 ## - GENERAL NOTE
General note Includes index.
650 #0 - SUBJECT ADDED ENTRY--TOPICAL TERM
Topical Term Web sites
Topical Term Python (Computer program language)
Topical Term Electronic commerce
856 40 - ELECTRONIC LOCATION AND ACCESS
Uniform Resource Identifier http://site.ebrary.com/lib/rucke/Doc?id=10439339

No items available.

© 2026 Rongo University
Contact us: librarian | system librarian | Rongo university